000 00487nam a2200181Ia 4500
005 20250508152905.0
008 008 250505s9999 xx 000 0 hin d
037 _aTextual
040 _aFEDL
_beng
_cFEDL
041 _ahin
_2hin
084 _a891.431, SIR
_qFEDL
100 _aSirotthia Shakuntala
_9762662
245 0 _aChand itna hansa
260 _aAllahabad, India
_bKitab Mahal
300 _a108p
942 _cTEXL
_h891.431, SIR
999 _c1339434
_d1339434